Introducción a la bioquímica comparada / (Record no. 28280)

MARC details
000 -LEADER
campo de control de longitud fija 00750nam a2200205 i 4500
001 - NÚMERO DE CONTROL
campo de control 28280
003 - IDENTIFICADOR DE NÚMERO DE CONTROL
campo de control ES-MaACL
005 - FECHA Y HORA DE LA ÚLTIMA TRANSACCIÓN
campo de control 20250815112559.0
007 - CAMPO FIJO DE DESCRIPCIÓN FÍSICA--INFORMACIÓN GENERAL
campo de control de longitud fija t|
008 - DATOS DE LONGITUD FIJA--INFORMACIÓN GENERAL
campo de control de longitud fija 030116s1953 sp ||||1| spa d
100 1# - ENTRADA PRINCIPAL--NOMBRE DE PERSONA
Nombre de persona Baldwin, Ernest.
9 (RLIN) 24908
245 10 - MENCIÓN DEL TÍTULO
Título Introducción a la bioquímica comparada /
Mención de responsabilidad, etc. Ernest Baldwin ; con un prefacio de Frederick Gowland Hopkins ; versión española de la 3ª edición inglesa por Mercedes Gª. Aráez.
260 ## - PUBLICACIÓN, DISTRIBUCIÓN, ETC.
Lugar de publicación, distribución, etc. Madrid :
Nombre del editor, distribuidor, etc. Aguilar,
Fecha de publicación, distribución, etc. [1953] (
Fabricante E. Sánchez Leal)
300 ## - DESCRIPCIÓN FÍSICA
Extensión XX, 171 p. ;
Dimensiones 19 cm.
650 07 - PUNTO DE ACCESO ADICIONAL DE MATERIA--TÉRMINO DE MATERIA
Término de materia o nombre geográfico como elemento de entrada Bioquímica
Fuente del encabezamiento o término embne
9 (RLIN) 136796
700 1# - ENTRADA AGREGADA--NOMBRE PERSONAL
Nombre de persona Garcia Aráez, Mercedes.
9 (RLIN) 152404
700 1# - ENTRADA AGREGADA--NOMBRE PERSONAL
Nombre de persona Hopkins, Frederick Gowland.
9 (RLIN) 152405
852 ## - LOCALIZACIÓN
Ubicación ES-MaACL
Número de control de estantería D-8295
Sublocalización o colección R.33999
Holdings
Estatus retirado Estado de pérdida Estado de daño No para préstamo Biblioteca de origen Biblioteca actual Ubicación en estantería Fecha de adquisición Fuente de adquisición Total de préstamos Signatura topográfica completa Código de barras Visto por última vez Precio de reemplazo Tipo de ítem Koha
        Biblioteca del Ateneo de Madrid Biblioteca del Ateneo de Madrid Sala Valle Inclán 17/01/2008     D-8295 901029193 23/02/2023 23/02/2023 Libro impreso